000 00631nam a2200253Ia 4500
003 OSt
005 20221006155636.0
006 a|||||r|||| 00| 0
007 ta
008 221006b |||||||| |||| 00| 0 chi d
024 _a42,902
037 _cAnnuals, Advances
040 _aEASL
_cEASL
_bchi
041 _2chi
_achi
082 _aV41, H7
100 _aLiu Guanyi
_9669877
245 0 _aKangzhan Waishi
260 _aTaibei
_bJiaodong Tongxunshe China
_c1947
300 _ap.
_ccm.
490 _v CCL
650 _aCCL
942 _hV41, H7
_cREF
_2CC
999 _c1110988
_d1110988